00630nam a2200217Ia 4500003000900000008004100009040001300050040001300063041000800076100002200084245002900106250001200135260002100147260000900168300000800177490001500185490000600200942000700206999001300213952018600226IT-RoPAU120407s9999 xx 000 0 und d aIT-RoPAU cIT-RoPAU aita aJean-Marie Aubert aIl giovane e la scienza. aCatania aEdizioni Paoline c1963 c cm aGioventù v1 cBK c184d184 00102ddc406257_31500000000000071aPAULUSbPAULUSd2012-04-11l0o257.315r2012-04-11 00:00:00w2012-04-11yBKzInserito da: Anna In data: n.d. fondo: Via A.Severo 56 Progr:12818